| 000 | 00000nam##2200000za#4500 |
| 001 | 9.644340 |
| 003 | CaOODSP |
| 005 | 20211008153308 |
| 007 | cr ||||||||||| |
| 008 | 150407|2015||||xxc|||||o f|0| 0 fre|d |
| 040 | |aCaOODSP|bfre |
| 043 | |an-cn--- |
| 086 | 1 |aYN5-78/2015F-PDF |
| 110 | 1 |aCanada. |bBureau du Directeur parlementaire du budget. |
| 245 | 10|aLes travailleurs étrangers temporaires au Canada : |h[ressource électronique]|bsurvol des régions et des compétences / |cpréparé par : Tracy Lemieux et Jean-François Nadeau. |
| 260 | |aOttawa - Ontario : |bBureau du directeur parlementaire du budget |cLe 12 mars 2015. |
| 300 | |a29p.|bfigures, références, tableaux |
| 590 | |a15-11|b2015-03-13 |
| 691 | 07|aTravailleur migrant|2gcpds |
| 775 | 08|tTemporary foreign workers in Canada : |w(CaOODSP)9.700449 |
| 856 | 40|ahttp://publications.gc.ca|qPDF|s420 Ko|uhttps://publications.gc.ca/collections/collection_2015/dpb-pbo/YN5-78-2015-fra.pdf |